000 00621cam a22002411 4500
001 sa 67003212
003 DLC
005 20260227112336.0
008 940523s1965 ii a 000 1 kano
010 _asa 67003212
025 _aPL480:I-Kan-774
035 _a(OCoLC)30484090
040 _aDLC
_cCU
_dCU
_dDLC
042 _apremarc
050 0 0 _aPL4659.N228
_bN3
100 1 _aNāgēgauḍa, H. L.
245 1 0 _aNānāguve gījaganahakki.
260 _c[1965]
300 _a86 p.
_bcol. ill.
_c18 cm.
500 _aIn Kannada.
700 1 _aNaidu, Sarojini,
_d1879-1949.
700 1 _aElwin, Verrier,
_d1902-1964.
999 _c73704
_d73704